Fundamentals Of Educational Psychology (Record no. 26821)

MARC details
000 -LEADER
fixed length control field 00347nam a22001577a 4500
003 - CONTROL NUMBER IDENTIFIER
control field SGT
020 ## - INTERNATIONAL STANDARD BOOK NUMBER
International Standard Book Number 9788131758663
082 ## - DEWEY DECIMAL CLASSIFICATION NUMBER
Classification number 150,WOO
100 ## - MAIN ENTRY--PERSONAL NAME
Personal name WOOLFOLK, ANITA
245 ## - TITLE STATEMENT
Title Fundamentals Of Educational Psychology
250 ## - EDITION STATEMENT
Edition statement 11th
260 ## - PUBLICATION, DISTRIBUTION, ETC. (IMPRINT)
Place of publication, distribution, etc NEW DELHI
Name of publisher, distributor, etc PEARSON
Year of Publication 2012
300 ## - PAGE DESCRIPTION
No. of Pages 545
650 ## - SUBJECT ADDED ENTRY--TOPICAL TERM
Topical term or geographic name as entry element EDUCATION
942 ## - ADDED ENTRY ELEMENTS (KOHA)
Source of classification or shelving scheme Dewey Decimal Classification
Koha item type Books
942 ## - ADDED ENTRY ELEMENTS (KOHA)
-- 5
Holdings
Withdrawn status Lost status Source of classification or shelving scheme Damaged status Not for loan Collection code Home library Current library Shelving location Date acquired Vendor Name Cost, normal purchase price SGTU Bill Number Full call number Accession No. (Barcode) Date last seen Bill Date Koha item type Total Checkouts Date last borrowed
    Dewey Decimal Classification   Not For Loan EDUCATION SGT Engineering Library SGT Engineering Library Reference Book 23/08/2024 AHUJA BOOK COMPANY 645.00 SGTU 19161 150,WOO ED5313 23/08/2024 27/06/2024 Books    
    Dewey Decimal Classification     EDUCATION SGT Engineering Library SGT Engineering Library Text Book 23/08/2024 AHUJA BOOK COMPANY 645.00 SGTU 19161 150,WOO ED5314 23/08/2024 27/06/2024 Books    
    Dewey Decimal Classification     EDUCATION SGT Engineering Library SGT Engineering Library Text Book 23/08/2024 AHUJA BOOK COMPANY 645.00 SGTU 19161 150,WOO ED5315 20/01/2026 27/06/2024 Books 11 20/01/2026